Vista normal
Vista MARC
Entrada Personal Name
Número de registros utilizados en: 1
001 - CONTROL NUMBER
- control field: 26409
003 - CONTROL NUMBER IDENTIFIER
- control field: OSt
005 - DATE AND TIME OF LATEST TRANSACTION
- control field: 20230915231201.0
008 - FIXED-LENGTH DATA ELEMENTS
- fixed length control field: 230915|| aca||aabn | a|a d
040 ## - CATALOGING SOURCE
- Original cataloging agency: OSt
- Transcribing agency: OSt
100 ## - HEADING--PERSONAL NAME
- Personal name: Colclough, Christopher; Manor, James
670 ## - SOURCE DATA FOUND
- Source citation: Work cat.: (OSt)27824: Colclough, Christopher; Manor, James, ¿Estados o mercados? . El neoliberalismo y el debate sobre las políticas de desarrollo, Fondo de cultura económica